Le divorce et la séparation de corps
Gespeichert in:
| 1. Verfasser: | |
|---|---|
| Format: | Buch |
| Sprache: | Französisch |
| Veröffentlicht: |
París
Sirey
1962
|
| Schriftenreihe: | Contrats ou le Droit Pratique
|
| Schlagworte: | |
| Tags: |
Tag hinzufügen
Keine Tags, Fügen Sie den ersten Tag hinzu!
|
MARC
| LEADER | 00000nam a2200000 a 4500 | ||
|---|---|---|---|
| 001 | UCS1182 | ||
| 003 | CL-VaPUC | ||
| 008 | 970509e19620000FR |||||||||||||||||fre|d | ||
| 082 | 0 | 4 | |a 346.016 |b FOL |2 21 |
| 100 | 0 | |a Follain, Jean |e author |9 332841 | |
| 245 | 1 | 3 | |a Le divorce et la séparation de corps |
| 300 | |a 163 p | ||
| 942 | |c BK | ||
| 945 | |d 19970509 00:00:00 |a cmena | ||
| 260 | |a París |b Sirey |c 1962 | ||
| 650 | 0 | |a Derecho civil |9 255013 | |
| 650 | 0 | |a Derecho privado |9 258243 | |
| 650 | 7 | |a MATRIMONIO |2 CL-VaPUC |9 385393 | |
| 650 | 7 | |a SEPARACION DE CUERPOS |2 CL-VaPUC |9 385394 | |
| 650 | 0 | |a Divorcio |9 256204 | |
| 650 | 7 | |a SEPARACION DE HECHO |2 CL-VaPUC |9 379356 | |
| 651 | 0 | |a Francia |9 255157 | |
| 583 | |a last modification |c 19970509 00:00:00 |k Rodrigo Vera | ||
| 490 | 0 | |a Contrats ou le Droit Pratique | |
| 999 | |c 259284 |d 259282 | ||
| 952 | |0 0 |1 0 |4 0 |6 346_016000000000000_FOL_1962 |7 0 |8 A |9 283933 |a BIBDER |b BIBDER |d 2019-11-19 |i 1849026 |o 346.016 FOL 1962 |p 1849026 |r 2023-01-25 |w 2019-11-19 |y BK |k DER | ||